[Event "Turkey Cup 2019"]
[Site "Belek"]
[Date "2019.01.28"]
[Round "3.2"]
[White "Kocyigit, Buse Naz"]
[Black "Kamer, Kayra"]
[Result "0-1"]
[WhiteElo "2043"]
[BlackElo "2417"]
[Annotator "TA"]
[PlyCount "64"]
[EventDate "2019.01.27"]
[EventType "swiss"]
[EventCountry "TUR"]
[SourceTitle "playchess.com"]
[Source "ChessBase"]
[SourceQuality "1"]

1. d4 Nf6 2. Nf3 g6 3. c4 Bg7 4. Nc3 O-O 5. e4 d6 6. h3 e5 7. d5 a5 8. Be2 Na6 9. Bg5 Qe8 10. Nd2 Nd7 11. g4 Ndc5 12. a3 Bd7 13. Qc2 f5 14. Be3 Qe7 15. O-O-O f4 16. Bxc5 Nxc5 17. Rdg1 a4 18. g5 f3 19. Bf1 Rf4 20. Nd1 Ra6 21. Ne3 Rb6 22. h4 Rb3 23. h5 c6 24. hxg6 hxg6 25. Nxb3 axb3 26. Qb1 Nxe4 27. Rh2 Qd8 28. Bd3 Nc5 29. Bxg6 e4 30. Bxe4 Rxe4 31. g6 Qe7 32. Rh5 Rxe3 0-1

[Event "Turkey Cup 2019"]
[Site "Belek"]
[Date "2019.01.28"]
[Round "3.3"]
[White "Arat, Ufuk Sezen"]
[Black "Baltaci, Ismail Tarik"]
[Result "1-0"]
[WhiteElo "2361"]
[BlackElo "2014"]
[Annotator "TA"]
[PlyCount "61"]
[EventDate "2019.01.27"]
[EventType "swiss"]
[EventCountry "TUR"]
[SourceTitle "playchess.com"]
[Source "ChessBase"]
[SourceQuality "1"]

1. d4 Nf6 2. Nf3 g6 3. Nbd2 d5 4. b4 Bg7 5. Bb2 O-O 6. e3 Bf5 7. c4 c6 8. Be2 Nbd7 9. O-O Ne4 10. a4 Re8 11. h3 e5 12. cxd5 cxd5 13. Nxe5 Nxe5 14. dxe5 Bxe5 15. Bxe5 Rxe5 16. Nf3 Nc3 17. Qd2 Nxe2+ 18. Qxe2 Re4 19. Nd4 Bd7 20. b5 Qg5 21. Qf3 Rae8 22. Rac1 Rh4 23. Qg3 Qh5 24. Rc7 Bg4 25. Rxb7 Re5 26. f4 Re4 27. hxg4 Rh1+ 28. Kf2 Rxf1+ 29. Kxf1 Qh1+ 30. Kf2 Qd1 31. Qf3 1-0

[Event "Turkey Cup 2019"]
[Site "Belek"]
[Date "2019.01.28"]
[Round "3.4"]
[White "Ozsakallioglu, Akin"]
[Black "Koksal, Ege"]
[Result "1-0"]
[WhiteElo "1957"]
[BlackElo "2360"]
[Annotator "TA"]
[PlyCount "151"]
[EventDate "2019.01.27"]
[EventType "swiss"]
[EventCountry "TUR"]
[SourceTitle "playchess.com"]
[Source "ChessBase"]
[SourceQuality "1"]

1. e4 e5 2. Nf3 Nc6 3. Nc3 Nf6 4. Bb5 Nd4 5. Ba4 Nxf3+ 6. Qxf3 Bc5 7. d3 O-O 8. h3 c6 9. Bb3 a5 10. O-O Kh8 11. a4 h6 12. Ne2 d6 13. Ng3 Be6 14. Ba2 Ng8 15. Be3 Qb6 16. Bxc5 Qxc5 17. c3 Qb6 18. Rfb1 Ne7 19. Nf5 Bxf5 20. exf5 Ng8 21. b4 Nf6 22. g4 d5 23. Qg3 e4 24. d4 Rae8 25. Qe3 Re7 26. Bb3 Nh7 27. Bd1 Qc7 28. Be2 g5 29. bxa5 Qxa5 30. Kg2 Qc7 31. Rb4 Ra8 32. Rab1 Ra7 33. h4 Qf4 34. hxg5 Qxe3 35. fxe3 hxg5 36. c4 dxc4 37. Bxc4 Nf6 38. Kg3 Kg7 39. R1b2 Rc7 40. Ba2 Kf8 41. Rc2 Rd7 42. Rc5 Rd8 43. Rc2 Rda8 44. Bb3 Rd8 45. Ba2 Ke7 46. Rcb2 Rd7 47. Rh2 Rc7 48. Rc2 Kd6 49. Rcb2 Rd7 50. Rc2 Re7 51. Rh2 Rd7 52. Rh6 Ke7 53. Rh2 Rc7 54. Rhb2 Kd8 55. Rh2 Ke7 56. Rhb2 Kf8 57. Rc2 Rd7 58. Rcb2 Kg7 59. Rc2 Ne8 60. Rc5 Nf6 61. Rc2 Re7 62. Rcb2 Ne8 63. Rc2 Nd6 64. d5 cxd5 65. Bxd5 Ra5 66. Bb3 Ne8 67. Rc8 Nd6 68. Rb8 Kf6 69. Rb6 Ke5 70. Rd8 Ne8 71. Bxf7 Nc7 72. Bb3 Ne8 73. Re6+ Rxe6 74. fxe6 Nc7 75. e7 Ra8 76. Rxa8 1-0

[Event "Turkey Cup 2019"]
[Site "Belek"]
[Date "2019.01.28"]
[Round "3.5"]
[White "Makaraci, Tunahan"]
[Black "Olcum, Ahmet"]
[Result "0-1"]
[WhiteElo "1915"]
[BlackElo "2320"]
[Annotator "TA"]
[PlyCount "142"]
[EventDate "2019.01.27"]
[EventType "swiss"]
[EventCountry "TUR"]
[SourceTitle "playchess.com"]
[Source "ChessBase"]
[SourceQuality "1"]

1. e4 d6 2. d4 g6 3. Nc3 Bg7 4. h3 a6 5. a4 b6 6. Nf3 Nd7 7. Bc4 e6 8. O-O Bb7 9. Re1 Ne7 10. Bf4 h6 11. Qd2 g5 12. Bg3 Ng6 13. Rad1 O-O 14. d5 Bxc3 15. Qxc3 e5 16. Nd2 Nf6 17. Nf1 Bc8 18. Bd3 Nf4 19. Ne3 Bd7 20. b3 Qc8 21. f3 N6h5 22. Bh2 Ng7 23. Bf1 f5 24. exf5 Nxf5 25. Bxf4 gxf4 26. Nxf5 Rxf5 27. Kf2 Rg5 28. Re2 Qb7 29. Ke1 b5 30. a5 b4 31. Qc4 Rb8 32. Rf2 Bb5 33. Qxb4 Qa7 34. Bxb5 Rxb5 35. Qc3 Qe3+ 36. Qxe3 fxe3 37. Re2 Rxa5 38. g4 Rg7 39. Rxe3 Rf7 40. Rc3 Kf8 41. Ke2 Ke8 42. Rc4 Kd7 43. h4 Rg7 44. Ke3 Rg8 45. Rb4 Ra2 46. Rd2 Ra1 47. Rg2 Rd1 48. Rd2 Rh1 49. h5 Rf8 50. Ra4 Rf1 51. Rf2 Rd1 52. Rxa6 Rxd5 53. Ra1 Rd4 54. c3 Rdf4 55. Ra4 R4f6 56. f4 d5 57. f5 Rb6 58. Rd2 Kd6 59. b4 Rc6 60. Kd3 e4+ 61. Kc2 Ke5 62. b5 Rb6 63. Ra6 Rxa6 64. bxa6 Ra8 65. Re2 Rxa6 66. Kd2 c5 67. Rf2 d4 68. cxd4+ cxd4 69. Ke2 e3 70. Rf1 Ke4 71. Rd1 d3+ 0-1

[Event "Turkey Cup 2019"]
[Site "Belek"]
[Date "2019.01.28"]
[Round "3.6"]
[White "Sevgi, Volkan"]
[Black "Buke, Furkan"]
[Result "1/2-1/2"]
[WhiteElo "2292"]
[BlackElo "2044"]
[Annotator "TA"]
[PlyCount "126"]
[EventDate "2019.01.27"]
[EventType "swiss"]
[EventCountry "TUR"]
[SourceTitle "playchess.com"]
[Source "ChessBase"]
[SourceQuality "1"]

1. e4 c5 2. Nc3 Nc6 3. g3 g6 4. Bg2 Bg7 5. d3 d6 6. Be3 Rb8 7. Qd2 b5 8. f4 Bd7 9. Nf3 b4 10. Nd1 Nd4 11. O-O e6 12. Qf2 Nxf3+ 13. Bxf3 Ne7 14. d4 cxd4 15. Bxd4 Bxd4 16. Qxd4 Qb6 17. Qxb6 Rxb6 18. Ne3 Bb5 19. Rfd1 O-O 20. Rd4 e5 21. Rd2 f5 22. exf5 exf4 23. gxf4 Nxf5 24. Nd5 Nh4 25. Bh1 Rbb8 26. Re1 Kh8 27. Re6 Rbe8 28. Nc7 Rxe6 29. Nxe6 Re8 30. Rxd6 Nf5 31. Rd8 Rxd8 32. Nxd8 Nd4 33. Kf2 Nxc2 34. Be4 b3 35. axb3 Nd4 36. b4 Bd7 37. Ke3 Nb5 38. Bd3 Kg7 39. Bxb5 Bxb5 40. Kd4 Kf6 41. Nb7 h5 42. Nd6 Bf1 43. b5 Bh3 44. b4 h4 45. Kc5 Bd7 46. Nc4 Kf5 47. Ne5 Bc8 48. Kd6 Bb7 49. Nc6 Kxf4 50. Kc7 g5 51. Kxb7 g4 52. Kxa7 g3 53. hxg3+ hxg3 54. b6 g2 55. b7 g1=Q+ 56. Ka8 Qa1+ 57. Na5 Qh1 58. Ka7 Qg1+ 59. Ka6 Qg6+ 60. Kb5 Qd3+ 61. Kb6 Qd4+ 62. Kc7 Qxb4 63. Nc6 Qxb7+ 1/2-1/2

[Event "Turkey Cup 2019"]
[Site "Belek"]
[Date "2019.01.28"]
[Round "3.7"]
[White "Ozenir, Ekin Baris"]
[Black "Albayrak, Kerem"]
[Result "1-0"]
[WhiteElo "2267"]
[BlackElo "1949"]
[Annotator "TA"]
[PlyCount "55"]
[EventDate "2019.01.27"]
[EventType "swiss"]
[EventCountry "TUR"]
[SourceTitle "playchess.com"]
[Source "ChessBase"]
[SourceQuality "1"]

1. d4 Nf6 2. Bg5 d5 3. e3 Nbd7 4. Nd2 g6 5. c4 c6 6. Ne2 Bg7 7. Nc3 O-O 8. Be2 Re8 9. O-O Qb6 10. Rb1 a6 11. h3 Qa7 12. a4 dxc4 13. Nxc4 b5 14. Na5 b4 15. Nxc6 Qb6 16. Bf3 bxc3 17. bxc3 Qc7 18. Bf4 e5 19. Nxe5 Nxe5 20. Bxa8 Nh5 21. Bxe5 Bxe5 22. dxe5 Bf5 23. e4 Bxh3 24. Bd5 Rxe5 25. Rb7 Qc8 26. Rxf7 Rxd5 27. Qxd5 Be6 28. Rc7 1-0

[Event "Turkey Cup 2019"]
[Site "Belek"]
[Date "2019.01.28"]
[Round "3.8"]
[White "Demirag, Batuhan"]
[Black "Tarlabasi, Emirhan"]
[Result "0-1"]
[WhiteElo "1906"]
[BlackElo "2264"]
[Annotator "TA"]
[PlyCount "80"]
[EventDate "2019.01.27"]
[EventType "swiss"]
[EventCountry "TUR"]
[SourceTitle "playchess.com"]
[Source "ChessBase"]
[SourceQuality "1"]

1. Nf3 d5 2. c4 e6 3. b3 Nf6 4. Bb2 c5 5. g3 Nc6 6. Bg2 d4 7. O-O Be7 8. e3 e5 9. exd4 cxd4 10. d3 O-O 11. Re1 Nd7 12. a3 a5 13. Nbd2 f5 14. Qc2 Bc5 15. Re2 Qf6 16. h4 h6 17. Nf1 Qd6 18. Ne1 Nf6 19. Qd2 Bd7 20. Nc2 Rae8 21. Bxc6 Bxc6 22. b4 Ba7 23. Ree1 f4 24. b5 Bf3 25. Nh2 Bh5 26. Rf1 Qd7 27. gxf4 Ng4 28. f3 Nxh2 29. Qxh2 Rxf4 30. Qg3 Ref8 31. Ne1 Bb8 32. Qf2 Qh3 33. Qg2 Qxh4 34. Qh2 Qg5+ 35. Qg2 Qf5 36. c5 Rf6 37. Kf2 Bxf3 38. Nxf3 Rxf3+ 39. Kg1 Qxd3 40. Rad1 Qe3+ 0-1

[Event "Turkey Cup 2019"]
[Site "Belek"]
[Date "2019.01.28"]
[Round "3.9"]
[White "Gunduz, Umut Erdem"]
[Black "Bilgin, Murat Evrensel"]
[Result "1-0"]
[WhiteElo "2255"]
[BlackElo "1898"]
[Annotator "TA"]
[PlyCount "85"]
[EventDate "2019.01.27"]
[EventType "swiss"]
[EventCountry "TUR"]
[SourceTitle "playchess.com"]
[Source "ChessBase"]
[SourceQuality "1"]

1. e4 c5 2. Nf3 d6 3. d4 cxd4 4. Nxd4 Nf6 5. f3 e5 6. Nb3 Be6 7. c4 Nbd7 8. Be3 Rc8 9. Nc3 a6 10. Nd5 Bxd5 11. cxd5 h5 12. h4 Be7 13. Qd2 Nc5 14. Nxc5 dxc5 15. g3 Bd6 16. Bh3 Rb8 17. O-O O-O 18. Rfc1 b6 19. Qe2 a5 20. Rc2 Re8 21. Rac1 Re7 22. a3 a4 23. Qb5 Ra7 24. Qf1 Qe8 25. Qg2 Kh8 26. Kh1 Qg8 27. Qf2 Ne8 28. g4 hxg4 29. Bxg4 Qh7 30. Qg3 Nf6 31. h5 Nxg4 32. Qxg4 Rf8 33. Rh2 f5 34. Qg2 fxe4 35. fxe4 Raf7 36. Rg1 Rf3 37. h6 g6 38. Bd2 Rf2 39. Qxf2 Rxf2 40. Rxf2 g5 41. Rf5 Qxh6+ 42. Kg2 Kg7 43. Rh1 1-0

[Event "Turkey Cup 2019"]
[Site "Belek"]
[Date "2019.01.28"]
[Round "3.10"]
[White "Kiremitciyan, Ari"]
[Black "Kirali, Mehmet"]
[Result "1-0"]
[WhiteElo "2253"]
[BlackElo "1890"]
[Annotator "TA"]
[PlyCount "63"]
[EventDate "2019.01.27"]
[EventType "swiss"]
[EventCountry "TUR"]
[SourceTitle "playchess.com"]
[Source "ChessBase"]
[SourceQuality "1"]

1. e4 Nc6 2. Nf3 e5 3. Bc4 Nf6 4. d3 Bc5 5. O-O d6 6. c3 Bg4 7. Nbd2 O-O 8. h3 Bh5 9. Re1 a6 10. Bb3 Ba7 11. Nf1 Nd7 12. Ng3 Bg6 13. Bg5 Qe8 14. Nh4 Nc5 15. Nxg6 hxg6 16. Bc2 Ne6 17. Bd2 f5 18. exf5 gxf5 19. d4 f4 20. Nf5 g6 21. Qg4 Ng7 22. Nh4 Rf6 23. Nxg6 Rxg6 24. Bxg6 Qd8 25. Bxf4 exf4 26. Qxf4 Qd7 27. Qh6 Ne8 28. Re3 Ne5 29. Bc2 Kf7 30. Rg3 Ke7 31. Qh4+ Kf7 32. Qh7+ 1-0

[Event "Turkey Cup 2019"]
[Site "Belek"]
[Date "2019.01.28"]
[Round "3.11"]
[White "Demircin, Kasim"]
[Black "Isik, Alparslan"]
[Result "1-0"]
[WhiteElo "1878"]
[BlackElo "2244"]
[Annotator "TA"]
[PlyCount "101"]
[EventDate "2019.01.27"]
[EventType "swiss"]
[EventCountry "TUR"]
[SourceTitle "playchess.com"]
[Source "ChessBase"]
[SourceQuality "1"]

1. Nf3 d6 2. d4 Nf6 3. e3 Nbd7 4. c4 e5 5. Nc3 g6 6. Be2 Bg7 7. O-O O-O 8. Qc2 Qe7 9. b3 e4 10. Nd2 Re8 11. a4 c5 12. Nb5 Nf8 13. dxc5 dxc5 14. Bb2 Bf5 15. Rfd1 a6 16. Nc3 h5 17. Nd5 Nxd5 18. cxd5 Nd7 19. Bxg7 Kxg7 20. a5 Ne5 21. Rac1 Rac8 22. Nc4 Nd7 23. h3 Qg5 24. Kh2 Qh4 25. Bf1 Qe7 26. g3 Rcd8 27. Bg2 Kh7 28. Qc3 Rc8 29. Rd2 Red8 30. Rh1 Re8 31. Kg1 g5 32. h4 g4 33. Kh2 Ne5 34. Rhd1 Nd3 35. d6 Qe6 36. Rxd3 exd3 37. Bxb7 Rb8 38. Bg2 Rb4 39. e4 Bxe4 40. Bxe4+ Qxe4 41. Rxd3 Qf5 42. Rd2 Re1 43. Ne3 Qf3 44. Qc2+ Kg7 45. Ng2 Re8 46. d7 Rd8 47. Qxc5 Rb5 48. Qc7 Qf6 49. Nf4 Qe7 50. b4 Qe1 51. Re2 1-0

[Event "Turkey Cup 2019"]
[Site "Belek"]
[Date "2019.01.28"]
[Round "3.12"]
[White "Aysoy, Veysi"]
[Black "Kilic, Efe Mert"]
[Result "0-1"]
[WhiteElo "1933"]
[BlackElo "2241"]
[Annotator "TA"]
[PlyCount "200"]
[EventDate "2019.01.27"]
[EventType "swiss"]
[EventCountry "TUR"]
[SourceTitle "playchess.com"]
[Source "ChessBase"]
[SourceQuality "1"]

1. e4 d6 2. d4 Nf6 3. Nc3 g6 4. f4 Bg7 5. Nf3 O-O 6. Bd3 Na6 7. Be3 Ng4 8. Bg1 c6 9. Qd2 Nb4 10. h3 Nf6 11. Be2 Qa5 12. Kf1 c5 13. Be3 cxd4 14. Nxd4 Nc6 15. Nb3 Qd8 16. Kf2 Be6 17. Nd4 Nxd4 18. Bxd4 Qa5 19. Qe3 Rfc8 20. g4 Qb4 21. Rhd1 Qxb2 22. g5 Rxc3 23. gxf6 Bxf6 24. Bxc3 Qxc3 25. Qxc3 Bxc3 26. Rab1 b6 27. a3 Rc8 28. Rd3 Bf6 29. Bd1 Rc5 30. a4 Bc4 31. Be2 Bxd3 32. Bxd3 Bd4+ 33. Kf3 Kg7 34. Rb4 Bf6 35. Rb5 Rc6 36. e5 dxe5 37. fxe5 Bg5 38. Ke4 Bd2 39. Rd5 Rc7 40. Rd8 Bb4 41. Rd4 Bc5 42. Rd8 f5+ 43. Kd5 f4 44. Be4 a5 45. Ke6 Be3 46. Re8 Bc5 47. Rd8 h5 48. Rd2 g5 49. Rg2 Kh6 50. Kf5 Rc8 51. Ke6 Rf8 52. Bf3 Rg8 53. Kf5 Rg6 54. c3 e6+ 55. Ke4 Be3 56. Re2 g4 57. Bg2 Kg5 58. Re1 Bc5 59. h4+ Kh6 60. Kxf4 Bf2 61. Rh1 Rg7 62. Rd1 Bxh4 63. Rd6 Bg5+ 64. Ke4 Rg6 65. Kd4 h4 66. Be4 g3 67. Bg2 Bd2 68. Kd3 Be1 69. Rxb6 Kg5 70. Rb1 Bf2 71. Ke4 Kh5 72. Bf3+ Kh6 73. Kf4 g2 74. Bxg2 Rxg2 75. Kf3 Rg1 76. Rb8 Be1 77. c4 Rg3+ 78. Ke2 Bb4 79. Re8 Rg6 80. Rc8 Kg5 81. c5 h3 82. c6 h2 83. Rh8 Rg7 84. Rxh2 Rc7 85. Kd3 Rxc6 86. Rh8 Kf4 87. Kd4 Bc3+ 88. Kd3 Kxe5 89. Rh5+ Kd6 90. Rb5 Bb4 91. Kd4 e5+ 92. Ke4 Rc4+ 93. Kd3 Rd4+ 94. Ke3 Rh4 95. Rb6+ Kc5 96. Rb5+ Kd6 97. Rb6+ Kd5 98. Rb5+ Bc5+ 99. Kd3 Rxa4 100. Kc3 e4 0-1

[Event "Turkey Cup 2019"]
[Site "Belek"]
[Date "2019.01.28"]
[Round "3.13"]
[White "Yuksel, Atilla Koksal"]
[Black "Kilic, Gokturk Kagan"]
[Result "1-0"]
[WhiteElo "2236"]
[BlackElo "2000"]
[Annotator "TA"]
[PlyCount "53"]
[EventDate "2019.01.27"]
[EventType "swiss"]
[EventCountry "TUR"]
[SourceTitle "playchess.com"]
[Source "ChessBase"]
[SourceQuality "1"]

1. e4 e5 2. Nf3 Nc6 3. d4 exd4 4. Bc4 Nf6 5. O-O Nxe4 6. Re1 d5 7. Bxd5 Qxd5 8. Nc3 Qa5 9. Nxe4 Be6 10. Neg5 O-O-O 11. Nxe6 fxe6 12. Rxe6 Bd6 13. Qe2 h6 14. Bd2 Qd5 15. a3 g5 16. h3 Qf5 17. Re4 Bf4 18. Nh4 gxh4 19. Bxf4 Rhg8 20. Qd3 Qg6 21. g3 hxg3 22. fxg3 Qf5 23. Kh2 Qh5 24. Rae1 a6 25. Re6 Rge8 26. Qh7 Kb8 27. Bxc7+ 1-0

[Event "Turkey Cup 2019"]
[Site "Belek"]
[Date "2019.01.28"]
[Round "3.14"]
[White "Atas, Yunus"]
[Black "Aydincelebi, Kagan"]
[Result "0-1"]
[WhiteElo "1872"]
[BlackElo "2206"]
[Annotator "TA"]
[PlyCount "110"]
[EventDate "2019.01.27"]
[EventType "swiss"]
[EventCountry "TUR"]
[SourceTitle "playchess.com"]
[Source "ChessBase"]
[SourceQuality "1"]

1. Nf3 c5 2. b3 Nc6 3. e3 d5 4. d4 Nf6 5. Be2 Bf5 6. O-O cxd4 7. Nxd4 Nxd4 8. Qxd4 a6 9. c4 dxc4 10. bxc4 e6 11. Bb2 Qc7 12. Rd1 Be7 13. Qc3 O-O 14. Nd2 Rfd8 15. Rac1 Rac8 16. Nf3 Rxd1+ 17. Bxd1 Bf8 18. Nd4 Ne4 19. Qe1 Bg6 20. Nb3 Bd6 21. g3 Qe7 22. Bf3 Ba3 23. Qe2 h6 24. Bg2 Qb4 25. Bxa3 Qxa3 26. Bxe4 Bxe4 27. Qd2 Qa4 28. c5 Bd5 29. Qd4 Qxa2 30. Nd2 Qa3 31. Rc3 Qa1+ 32. Nf1 b5 33. c6 Qa5 34. e4 Bxc6 35. Rc1 Rd8 36. Qe5 Be8 37. Ne3 Qa3 38. Ra1 Qd6 39. Qh5 b4 40. Qa5 Ra8 41. Rd1 Qe7 42. Rb1 Rb8 43. Qxa6 b3 44. e5 Bb5 45. Qd6 Qxd6 46. exd6 Bd3 47. Rb2 Kf8 48. Nd1 Ke8 49. Rd2 Bc2 50. Nb2 Kd7 51. f4 Rb6 52. Nc4 Rb5 53. Na3 Ra5 54. Nxc2 Ra2 55. Rd3 bxc2 0-1

[Event "Turkey Cup 2019"]
[Site "Belek"]
[Date "2019.01.28"]
[Round "3.15"]
[White "Degirmenci, Yagiz"]
[Black "Ozkan, Ervin"]
[Result "0-1"]
[WhiteElo "1872"]
[BlackElo "2150"]
[Annotator "TA"]
[PlyCount "68"]
[EventDate "2019.01.27"]
[EventType "swiss"]
[EventCountry "TUR"]
[SourceTitle "playchess.com"]
[Source "ChessBase"]
[SourceQuality "1"]

1. d4 d5 2. Nf3 Nf6 3. e3 c5 4. dxc5 e6 5. a3 Bxc5 6. b4 Be7 7. Bb2 O-O 8. Bd3 a5 9. c3 b6 10. O-O Bb7 11. Nbd2 Nbd7 12. Qe2 Ne4 13. Nd4 Ne5 14. Nxe4 dxe4 15. Bc2 Bd6 16. f4 exf3 17. Nxf3 Nxf3+ 18. gxf3 Qg5+ 19. Kh1 Qh5 20. c4 axb4 21. axb4 Rxa1 22. Bxa1 Bxb4 23. Bd1 Rd8 24. Qg2 e5 25. e4 f6 26. Bb3 Kh8 27. Qe2 Rd2 28. Rd1 Bxe4 29. Rxd2 Bxf3+ 30. Kg1 Qg4+ 31. Kf2 Qg2+ 32. Ke3 Bc5+ 33. Kd3 Bxe2+ 34. Rxe2 Qf3+ 0-1

[Event "Turkey Cup 2019"]
[Site "Belek"]
[Date "2019.01.28"]
[Round "3.16"]
[White "Gulbeyaz, Emir"]
[Black "Karakurt, Fahri"]
[Result "1-0"]
[WhiteElo "2179"]
[BlackElo "1914"]
[Annotator "TA"]
[PlyCount "83"]
[EventDate "2019.01.27"]
[EventType "swiss"]
[EventCountry "TUR"]
[SourceTitle "playchess.com"]
[Source "ChessBase"]
[SourceQuality "1"]

1. Nf3 d5 2. d4 Nf6 3. Bf4 c5 4. e3 Nc6 5. c3 cxd4 6. exd4 Bf5 7. Qb3 Na5 8. Qa4+ Bd7 9. Qc2 e6 10. Bd3 Be7 11. Nbd2 Rc8 12. Ne5 Nc6 13. Qd1 O-O 14. Qf3 Nxe5 15. dxe5 Ne8 16. Qh3 g6 17. Nf3 f6 18. Qg3 Ng7 19. Bh6 Nh5 20. Qh3 Rf7 21. g4 Ng7 22. Qg3 Bc5 23. O-O f5 24. Ng5 Rf8 25. Rad1 Be7 26. h4 f4 27. Qh3 Qc7 28. Nf3 Qd8 29. Bb1 Bb5 30. Rfe1 Bd7 31. Kh2 Bc5 32. Rd2 Qb6 33. Kg1 Rf7 34. Ng5 Rcf8 35. h5 gxh5 36. Qd3 Nf5 37. Bxf8 Rxf8 38. gxf5 Rxf5 39. Nh3 f3 40. b4 Qd8 41. bxc5 Qh4 42. Kh2 1-0

[Event "Turkey Cup 2019"]
[Site "Belek"]
[Date "2019.01.28"]
[Round "3.17"]
[White "Yeke, Serkan"]
[Black "Yaylali, Adnan Dogan"]
[Result "1-0"]
[WhiteElo "2117"]
[BlackElo "1927"]
[Annotator "NA"]
[PlyCount "98"]
[EventDate "2019.01.27"]
[EventType "swiss"]
[EventCountry "TUR"]
[SourceTitle "playchess.com"]
[Source "ChessBase"]
[SourceQuality "1"]

1. Nf3 b6 2. g3 Bb7 3. Bg2 g6 4. O-O Bg7 5. c4 c5 6. Nc3 Nc6 7. e3 Nf6 8. d4 cxd4 9. Nxd4 Rc8 10. Rb1 O-O 11. Nxc6 Bxc6 12. e4 d6 13. Qe2 Nd7 14. Nd5 e6 15. Nb4 Bb7 16. b3 Qe7 17. Nd3 Rfd8 18. Bb2 Bxb2 19. Rxb2 Nc5 20. Rd2 e5 21. Nb4 Ne6 22. Nd5 Bxd5 23. exd5 Nc5 24. b4 Nd7 25. Rc2 f5 26. Rfc1 Re8 27. Rc3 a5 28. a3 axb4 29. axb4 Ra8 30. Qb2 e4 31. Ra3 Ne5 32. Qa1 Qb7 33. Bf1 b5 34. cxb5 Qxd5 35. Rc7 Rxa3 36. Qxa3 e3 37. fxe3 Qd2 38. Qb3+ d5 39. Bg2 Qe1+ 40. Bf1 Nc4 41. Rxc4 dxc4 42. Qxc4+ Kg7 43. Qd4+ Kf7 44. Kg2 Rxe3 45. Bc4+ Ke7 46. Qc5+ Kf6 47. Qd6+ Kg7 48. b6 Re7 49. Qd4+ Kh6 1-0

[Event "Turkey Cup 2019"]
[Site "Belek"]
[Date "2019.01.28"]
[Round "3.18"]
[White "Sade, Defne"]
[Black "Ererdem, Gani Eren"]
[Result "0-1"]
[WhiteElo "1952"]
[BlackElo "2137"]
[Annotator "NA"]
[PlyCount "148"]
[EventDate "2019.01.27"]
[EventType "swiss"]
[EventCountry "TUR"]
[SourceTitle "playchess.com"]
[Source "ChessBase"]
[SourceQuality "1"]

1. e4 c5 2. Nf3 d6 3. Bb5+ Nd7 4. O-O a6 5. Bd3 Ngf6 6. Re1 b5 7. c4 Rb8 8. cxb5 axb5 9. Nc3 b4 10. Nb5 e5 11. a4 bxa3 12. bxa3 Be7 13. Bc4 O-O 14. d3 Nb6 15. a4 Ra8 16. Bg5 Ne8 17. Bxe7 Qxe7 18. a5 Nxc4 19. dxc4 Be6 20. Qd3 Ra6 21. Nd2 g6 22. Reb1 Nc7 23. Nxc7 Qxc7 24. Rb5 Rfa8 25. Qb3 Rxa5 26. Raxa5 Rxa5 27. h3 Rxb5 28. Qxb5 Kg7 29. Nf3 Qa7 30. Kh2 Bd7 31. Qb2 Bc6 32. Qd2 Qe7 33. Qe3 h6 34. Nd2 f5 35. f3 f4 36. Qd3 Bd7 37. Nb1 Bc6 38. Nc3 h5 39. Qb1 Qh4 40. Qd1 Qe7 41. Qd3 Kf7 42. Qd2 Qc7 43. Qa2 Qb6 44. Kh1 Kf6 45. Kh2 g5 46. Qd2 Qd8 47. Qd1 Qb8 48. Kg1 Bd7 49. Kh2 h4 50. Qc2 Bc6 51. Qd2 Ke7 52. Qa2 Bd7 53. Qd2 Be6 54. Qa2 Qb7 55. Kg1 Kf7 56. Kh2 Ke7 57. Kg1 Qb4 58. Nd5+ Bxd5 59. exd5 Qe1+ 60. Kh2 Qg3+ 61. Kh1 e4 62. Qa7+ Kf6 63. Qh7 exf3 64. Qh8+ Kf5 65. Qh7+ Ke5 66. Qg7+ Ke4 67. Qe7+ Kd3 68. Qh7+ Kd2 69. gxf3 Qxh3+ 70. Kg1 Qg3+ 71. Kh1 Qxf3+ 72. Kg1 Qe3+ 73. Kh1 f3 74. Qa7 Qe1+ 0-1

[Event "Turkey Cup 2019"]
[Site "Belek"]
[Date "2019.01.28"]
[Round "3.19"]
[White "Karaoglan, Doruk"]
[Black "Akbas, Umut Ata"]
[Result "1-0"]
[WhiteElo "2142"]
[BlackElo "1939"]
[Annotator "TA"]
[PlyCount "63"]
[EventDate "2019.01.27"]
[EventType "swiss"]
[EventCountry "TUR"]
[SourceTitle "playchess.com"]
[Source "ChessBase"]
[SourceQuality "1"]

1. e4 c5 2. Nc3 a6 3. g3 b5 4. Bg2 Bb7 5. d3 e6 6. Nh3 Nf6 7. O-O Qc7 8. f4 d6 9. e5 Bxg2 10. Kxg2 Qc6+ 11. Kg1 Nd5 12. Ng5 Nxc3 13. bxc3 Nd7 14. f5 Nxe5 15. d4 h6 16. Nxf7 Nxf7 17. fxe6 Ne5 18. dxe5 O-O-O 19. Qg4 Kb8 20. Rf7 Re8 21. exd6 Bxd6 22. Bf4 g5 23. Bxd6+ Qxd6 24. Qf3 Re7 25. Rxe7 Qxe7 26. Qc6 Qb7 27. Qd6+ Ka8 28. Rf1 Qe4 29. Qxa6+ Kb8 30. Qxb5+ Ka8 31. Qa6+ Kb8 32. Rb1+ 1-0

[Event "Turkey Cup 2019"]
[Site "Belek"]
[Date "2019.01.28"]
[Round "3.20"]
[White "Guven, Oguz Kagan"]
[Black "Aslan, Onat Ugur"]
[Result "1-0"]
[WhiteElo "2087"]
[BlackElo "1812"]
[Annotator "NA RC"]
[PlyCount "97"]
[EventDate "2019.01.27"]
[EventType "swiss"]
[EventCountry "TUR"]
[SourceTitle "playchess.com"]
[Source "ChessBase"]
[SourceQuality "1"]

1. d4 d5 2. c4 e6 3. Nc3 Nf6 4. Bg5 Be7 5. e3 O-O 6. cxd5 exd5 7. Bd3 c6 8. Nf3 Bg4 9. Qc2 h6 10. Bh4 Nbd7 11. h3 Bxf3 12. gxf3 b5 13. Rg1 Re8 14. Ne2 Rc8 15. Ng3 Kh8 16. Nf5 Bf8 17. Bg3 c5 18. Rc1 c4 19. Be2 Qb6 20. Kf1 g6 21. Nh4 Qe6 22. Kg2 Nh5 23. f4 Ndf6 24. f5 Qe4+ 25. Qxe4 Rxe4 26. fxg6 Nxg3 27. fxg3 Rxe3 28. Bf3 fxg6 29. Nxg6+ Kg7 30. Nxf8 Rxf8 31. Rge1 Rfe8 32. Kf2 Rxe1 33. Rxe1 Rxe1 34. Kxe1 Ne4 35. g4 Kf6 36. h4 a5 37. a3 b4 38. axb4 c3 39. bxc3 a4 40. Kd1 a3 41. Kc2 Ke6 42. c4 Kd6 43. cxd5 Nd2 44. Bg2 Kc7 45. g5 hxg5 46. hxg5 Nc4 47. Kb3 Ne3 48. g6 Nf5 49. Kxa3 1-0

[Event "Turkey Cup 2019"]
[Site "Belek"]
[Date "2019.01.28"]
[Round "3.21"]
[White "Korkmaz, Necmettin"]
[Black "Onem, Cem"]
[Result "1-0"]
[WhiteElo "2053"]
[BlackElo "1840"]
[Annotator "NA RC"]
[PlyCount "47"]
[EventDate "2019.01.27"]
[EventType "swiss"]
[EventCountry "TUR"]
[SourceTitle "playchess.com"]
[Source "ChessBase"]
[SourceQuality "1"]

1. e4 e5 2. Nf3 Nc6 3. d4 exd4 4. Nxd4 Nf6 5. Nxc6 bxc6 6. e5 Qe7 7. Qe2 Nd5 8. c4 Nb6 9. Nc3 Qe6 10. Qe4 a5 11. Bd3 Ba6 12. b3 Bb4 13. Bd2 a4 14. O-O O-O-O 15. c5 Bxd3 16. Qxd3 Bxc5 17. b4 Be7 18. Nxa4 Kb7 19. Nc5+ Bxc5 20. bxc5 Qc4 21. Qe3 Nd5 22. Rfb1+ Ka7 23. Qa3+ Qa6 24. Qc1 1-0

[Event "Turkey Cup 2019"]
[Site "Belek"]
[Date "2019.01.28"]
[Round "3.22"]
[White "Ertekin, Ramazan"]
[Black "Erdogan, Anil Berk"]
[Result "0-1"]
[WhiteElo "1738"]
[BlackElo "2090"]
[Annotator "NA RC"]
[PlyCount "42"]
[EventDate "2019.01.27"]
[EventType "swiss"]
[EventCountry "TUR"]
[SourceTitle "playchess.com"]
[Source "ChessBase"]
[SourceQuality "1"]

1. e4 c5 2. c3 d5 3. exd5 Qxd5 4. d4 g6 5. Nf3 Bg7 6. Be3 Nf6 7. c4 Qd8 8. Nc3 Ng4 9. Qd2 Nxe3 10. fxe3 cxd4 11. exd4 O-O 12. O-O-O Nc6 13. Qf4 Qa5 14. c5 b6 15. Bc4 bxc5 16. Ng5 e6 17. Rhf1 cxd4 18. Nxf7 dxc3 19. Qe4 Qb4 20. b3 Qa3+ 21. Kc2 Nb4+ 0-1